Music Quiz

Random Music or Song Quiz

Jonas Brothers Songs Quiz Stats

 Plays Quiz Updated Jun 7, 2019

Score 0/24 Timer 05:00
6 Plays Today
% Correct
3000
93.1%
Eyes
92.3%
World
88.4%
Crazy
87.5%
Girl
87.1%
Mine
86.8%
You
86.6%
Like
86%
Burnin'
84.9%
Music
84.4%
Ivy
84.3%
Roll
84.3%
% Correct
Party
83.2%
Future
83%
Souls
82.7%
Heart
82.3%
Time
82.3%
Storm
80.8%
Longer
78.7%
Hold
76.4%
Man
76.3%
Still
75.2%
Hello
71.8%
Goodnight
67%

You're not logged in!

Compare scores with friends on all Sporcle quizzes.
OR
Log In

Sporcle TV

Today on Sporcle TV


Watch our educational content, quiz creation guides, and fun videos on Sporcle TV.

Show Comments

Extras

Top Quizzes Today


Score Distribution

Your Account Isn't Verified!

In order to create a playlist on Sporcle, you need to verify the email address you used during registration. Go to your Sporcle Settings to finish the process.

Report this User

Report this user for behavior that violates our Community Guidelines.

Details: